[Event "Turkey IS Bank Super League 2017"]
[Site "Darica-Kocaeli"]
[Date "2017.08.04"]
[Round "11"]
[White "Najer, Evgeniy"]
[Black "Kanmazalp, Ogulcan"]
[Result "1-0"]
[WhiteElo "2706"]
[BlackElo "2445"]
[Annotator "TA"]
[PlyCount "139"]
[EventType "team-tourn"]
[EventCountry "TUR"]
[SourceTitle "playchess.com"]
[Source "ChessBase"]
[SourceQuality "1"]

{[%evp 16,139,17,7,4,9,11,14,15,16,14,3,18,16,18,13,5,8,12,0,8,8,20,20,25,15,17,6,15,19,17,22,38,33,42,42,41,42,42,42,42,34,60,58,58,60,75,66,93,96,91,74,82,81,79,64,62,62,69,69,80,0,78,69,69,69,69,59,69,58,79,65,81,81,72,43,43,43,43,43,43,43,43,43,102,108,92,19,18,24,24,24,24,24,101,101,126,123,124,120,270,218,351,414,388,43,412,395,489,468,897,862,1758,1864,29967,29968,29970,29971,29969,29973,29972,29973,29973,29974,5608,5616]} 1. e4 c5 2. Nf3 d6 3. d4 cxd4 4. Nxd4 Nf6 5. Nc3 g6 6. Bc4 Bg7 7. O-O O-O 8. Re1 Nc6 9. Bb3 Bd7 {B70: Sicilian Dragon: 6 g3 and 6 Be2 (without a later Be3)} 10. Nf3 (10. h3 Nxd4 11. Qxd4 Bc6 12. Qd3 Nd7 13. Bg5 h6 14. Bh4 Nc5 15. Qd2 g5 16. Bg3 Bxc3 17. Qxc3 Nxe4 {½-½ (53) Movsesian,S (2695)-Timofeev,A (2664) Sarajevo 2008}) 10... Bg4 11. h3 Bxf3 {The position is equal.} 12. Qxf3 Nd4 13. Qd1 $146 (13. Qe3 {feels hotter.} Nd7 14. Rd1 Nc6 15. Ne2 Na5 16. c3) ({Find the theoretical novelty and annotate with similar games:} 13. Qd3 Nd7 14. Be3 Nc5 15. Qd1 e5 16. Bd5 Nce6 17. Bxb7 {0-1 (34) Kalinina,O (2303)-Lornije,F (2236) Lvov 2014}) 13... Nxb3 14. axb3 a6 15. Bg5 Re8 16. Qd2 Rc8 17. Rad1 Qc7 18. Re2 Qc5 19. Be3 Qc6 20. Bh6 Bh8 21. Nd5 Nxd5 22. exd5 Qb5 23. Rde1 Bf6 24. Re4 Qd7 25. c3 e5 26. dxe6 Rxe6 27. Rxe6 fxe6 28. Bf4 d5 29. Be5 Rf8 30. Qe3 Kg7 31. Qd4 Qf7 32. Re2 Re8 33. h4 Bxe5 34. Rxe5 $16 {[%mdl 4096] Endgame KQR-KQR} Qf6 35. g3 Kf7 36. Qe3 h5 37. Kf1 Re7 38. Ke1 (38. Qe2 $16) 38... Kg7 (38... Qf5 $1 $11 {remains equal.}) 39. Ke2 Kf7 40. Kd1 Kg7 41. Kc1 Kf7 42. Kb1 Kg7 43. Ka2 Kf7 44. f3 {[%cal Bf2f3,Bf3f4][%mdl 32]} Re8 45. f4 Qd8 46. Kb1 Qf6 47. Qd3 Rd8 48. Ka2 Re8 49. Rg5 Rg8 {[#]} ({Black should play} 49... Rc8 $14) 50. c4 $1 {[%cal Rc4d5]} dxc4 51. bxc4 (51. Qxc4 $16 {f5! is the strong threat.} Rg7 52. b4) 51... Qd8 $11 52. Qe4 Qd7 53. Ka3 Qd6+ 54. c5 Qc6 (54... Qc7 $1 $11 {keeps the balance.}) 55. Qxc6 $16 bxc6 {KR-KR} 56. Ka4 Rb8 57. b4 Kf6 (57... Rd8 $16) 58. Re5 $18 Ke7 (58... Rd8 {was necessary.} 59. Ka5 Rd4) 59. Re4 Kd7 60. Ka5 $2 {[#]} (60. Rd4+ $18 Kc7 61. Rd6) 60... Re8 $2 {[%mdl 8192]} (60... Rb5+ $1 $14 61. Kxa6 Rb8) 61. Re5 Kc7 62. Rg5 Rg8 (62... Rb8 $142 63. Rxg6 Rb5+ 64. Ka4 a5 65. bxa5 Rxc5 66. Rxe6 Rc1) 63. g4 hxg4 64. h5 {[%cal Bh4h5,Bh5g6,Bg6g7][%mdl 32]} Rh8 65. hxg6 Rg8 66. g7 Kb7 67. Rxg4 Kc7 68. Rg6 Kb7 69. Rxe6 Rxg7 70. f5 {Precision: White = 70%, Black = 43%.} 1-0

[Event "Turkey IS Bank Super League 2017"]
[Site "Darica-Kocaeli"]
[Date "2017.08.04"]
[Round "11"]
[White "Cheparinov, Ivan"]
[Black "Mamedov, Rauf"]
[Result "1/2-1/2"]
[WhiteElo "2703"]
[BlackElo "2680"]
[Annotator "TA"]
[PlyCount "55"]
[EventType "team-tourn"]
[EventCountry "TUR"]
[SourceTitle "playchess.com"]
[Source "ChessBase"]
[SourceQuality "1"]

{[%evp 17,55,25,29,29,37,27,28,22,24,21,29,29,36,9,48,51,40,30,56,54,40,34,35,36,46,27,27,27,25,21,27,22,29,9,10,0,27,0,0,0]} 1. d4 d5 2. c4 c6 3. Nf3 Nf6 4. e3 g6 5. Nc3 Bg7 6. Be2 O-O 7. O-O dxc4 8. Bxc4 Bg4 9. Be2 Nbd7 10. e4 {D94: Grünfeld: 4 Nf3 Bg7 5 e3} Bxf3 11. Bxf3 e5 12. dxe5 {White has an edge.} Nxe5 13. Be2 Qe7 14. Qc2 {[#]} Rfd8 $146 ({Predecessor:} 14... Rfe8 15. Kh1 Ned7 16. f3 b5 17. Be3 Nb6 {½-½ (59) Fier,A (2609)-Sumets,A (2552) Forni di Sopra 2016}) 15. h3 c5 16. Bg5 {And now f4 would win.} Nc6 17. Rae1 {aiming for f4.} h6 18. Nd5 Rxd5 19. Bxf6 Bxf6 20. exd5 Nd4 21. Qd2 Kg7 22. Bd3 Qd6 23. Be4 Re8 24. Qd3 b5 25. Re3 Bg5 26. Ree1 Bf6 27. Re3 Bg5 28. Ree1 {Precision: White = 57%, Black = 66%.} 1/2-1/2

[Event "Turkey IS Bank Super League 2017"]
[Site "Darica-Kocaeli"]
[Date "2017.08.04"]
[Round "11"]
[White "Zhigalko, Sergei"]
[Black "Anton Guijarro, David"]
[Result "1/2-1/2"]
[WhiteElo "2648"]
[BlackElo "2654"]
[Annotator "TA"]
[PlyCount "149"]
[EventType "team-tourn"]
[EventCountry "TUR"]
[SourceTitle "playchess.com"]
[Source "ChessBase"]
[SourceQuality "1"]

{[%evp 21,149,7,20,19,20,9,13,0,33,29,26,25,50,20,20,0,52,0,8,0,48,48,57,46,46,53,137,72,149,62,64,62,85,68,273,188,277,275,300,292,289,322,436,0,0,0,0,0,29,27,73,75,373,222,236,238,230,215,419,415,475,467,869,773,905,818,822,788,764,751,2316,2129,2015,2040,3308,3893,4132,3647,2162,1958,2386,1221,3636,2993,6512,6223,4133,12850,12842,252,243,250,250,250,257,257,215,51,59,59,139,160,168,168,8,0,168,170,170,170,171,175,182,182,183,55,183,183,183,0,8,8,8,8,8,8,8,8,8,8]} 1. e4 e6 2. d4 d5 3. Nc3 Nf6 4. e5 Nfd7 5. f4 c5 6. Nf3 Nc6 7. Be3 cxd4 8. Nxd4 Bc5 9. Qd2 O-O 10. O-O-O a6 11. Nb3 Be7 {LiveBook: 15 Games. C11: French: Classical System: 4 e5 and 4 Bg5 dxe4} (11... Bb4 12. Bd3 b5 13. Nd4 Bb7 14. Nxc6 Bxc6 15. Bd4 Nc5 16. Qf2 Nxd3+ 17. Rxd3 Be7 18. Nd1 b4 19. Rh3 {0-1 (37) Robson,R (2680)-Vovk,Y (2628) Baku 2015}) 12. Kb1 b5 13. Bd3 Bb7 14. Qf2 $146 (14. h4 $5) ({Find the theoretical novelty and annotate with similar games:} 14. h4 Qc7 15. h5 h6 16. Rh3 Nb4 17. Bf1 Nb6 18. Bxb6 Qxb6 19. Ne2 {1-0 (56) Fister,B (2306)-Rogemont,A (2253) ICCF email 2010}) 14... Qc7 15. Rhf1 Nb4 16. Rc1 Rac8 17. Be2 Nc6 18. Bd3 Nb4 19. Be2 Nc6 20. Bd3 Nb4 21. Ne2 Qb8 22. Ned4 Nxd3 23. cxd3 Ba8 (23... Rxc1+ $14 24. Rxc1 Rc8) 24. h4 (24. Rxc8 $142 $1 Qxc8 25. f5) 24... b4 (24... Rxc1+ $142 25. Rxc1 Rc8) 25. h5 ({Better is} 25. Rxc8 $1 $16 Qxc8 26. f5) 25... Rxc1+ $1 $14 26. Rxc1 Rc8 27. Rf1 Qc7 $2 (27... Rf8 $14) 28. g4 a5 (28... Nc5 $142) 29. f5 $1 $18 {[%cal Rf5e6]} Nxe5 30. fxe6 fxe6 31. Nxe6 Qc6 32. Nbc5 $2 (32. Nbd4 $18 Qa6 33. Qf5) 32... d4 $1 $11 {[%cal Rd4e3]} 33. Bxd4 Nf3 34. Be3 (34. Qe3 $2 Bxc5 35. Bxc5 Re8 $19) 34... h6 (34... Bxc5 $5 35. Nxc5 Qe8 $14) 35. Nd4 $36 {[%mdl 2048] Black is under pressure.} Qxc5 36. Rc1 $1 {[%cal Rc1c5] [#]} ({Much weaker is} 36. Nxf3 Qb5 $15) 36... Qxc1+ (36... Nd2+ $1 $16 {[%mdl 512] was worth a try.} 37. Bxd2 Rf8 38. Rxc5 Rxf2 39. Rxa5 Bh1) 37. Bxc1 $18 Bc5 38. Be3 Bxd4 39. Bxd4 Rd8 $2 (39... Re8) 40. Bb6 Rxd3 41. Qe2 Kf7 (41... b3 $142 42. axb3 (42. Qxd3 Be4 $18) 42... Bd5 43. Bxa5 Rd4) 42. Qxd3 Be4 43. Qxe4 Nd2+ 44. Kc2 {White threatens Qd5+ and mate.} Nxe4 45. Bxa5 {[%mdl 4096] Endgame KB-KN} g6 46. hxg6+ Kxg6 47. Bxb4 Kf7 48. a4 {[%cal Ba2a4,Ba4a5][%mdl 32]} Ke6 49. a5 Kd7 50. a6 Kc7 51. Ba5+ Kb8 52. Bd2 Nf6 53. b4 Nxg4 54. b5 {White wants to mate with b6.} Nf6 55. Kd3 $2 (55. Bxh6 {Kc3 is the strong threat.} Nd5 56. Bf8) 55... Nd7 56. Kc4 ({Stronger than} 56. Bxh6 Nc5+ 57. Kc3 Nxa6 $11) 56... h5 57. Kd5 Ka8 58. Bf4 $1 {Kc6 would kill now.} Nb6+ {[#]} 59. Kc5 $2 (59. Kc6 $1 $18 {[%cal Rc6b6]} Na4 60. Bg3) 59... Na4+ $14 60. Kb4 Nb6 {Strongly threatening ...Nd5+.} 61. Bg3 Nd7 62. Ka5 Ka7 63. Kb4 $2 (63. Bf4 $11 h4 64. Be3+ Ka8 65. Bd4) 63... Ka8 $1 $18 64. Bf2 Nb8 {intending ...Nxa6+.} 65. Ka5 {Threatening mate with b6.} Nd7 66. Bh4 Ka7 67. Be7 Ka8 68. Kb4 (68. Bd8 $18) 68... Ka7 {[#]} (68... Nb8 $1 $14) 69. Bg5 $1 Ka8 70. Bf4 $2 ({White should try} 70. Bh4 $18) 70... h4 {The position is equal.} 71. Kc4 {Black must now prevent Kd5.} h3 72. Kd5 {Hoping for Kc6.} Nb8 $1 73. Kc5 Nxa6+ $1 74. bxa6 h2 75. Bxh2 {Precision: White = 56%, Black = 41%.} 1/2-1/2

[Event "Turkey IS Bank Super League 2017"]
[Site "Darica-Kocaeli"]
[Date "2017.08.04"]
[Round "11"]
[White "Kuzubov, Yuriy"]
[Black "Ali Marandi, Cemil Can"]
[Result "1-0"]
[WhiteElo "2646"]
[BlackElo "2526"]
[Annotator "TA"]
[PlyCount "57"]
[EventType "team-tourn"]
[EventCountry "TUR"]
[SourceTitle "playchess.com"]
[Source "ChessBase"]
[SourceQuality "1"]

{[%evp 9,57,2,37,12,54,36,53,54,60,54,59,67,70,69,72,79,164,154,174,65,71,73,86,77,64,89,149,149,181,183,163,178,158,168,179,132,159,138,148,154,169,175,212,197,510,492,478,493,560,560]} 1. Nf3 f5 2. d3 Nf6 3. Nc3 d6 4. e4 Nc6 (4... g6 5. e5 dxe5 6. Nxe5 Bg7 7. d4 Be6 8. Be2 Nbd7 9. O-O Nxe5 10. dxe5 Nd5 11. Nxd5 Qxd5 12. Qxd5 Bxd5 {0-1 (60) Malakhov,V (2713)-Nepomniachtchi,I (2767) Doha 2016}) 5. Bg5 g6 6. Nh4 $146 {exf5 is the strong threat. A04: Unusual lines after 1 Nf3 and King's Indian Attack} ({Predecessor:} 6. exf5 Bxf5 7. d4 Nb4 8. Rc1 Bg7 9. Bc4 d5 10. Bb3 c6 11. O-O O-O {1-0 (38) Reinderman,D (2560)-Wiersma,E (2406) Bussum 2009}) 6... Bg7 7. exf5 $1 gxf5 8. d4 {White is slightly better.} O-O 9. Qd2 Ne4 10. Nxe4 fxe4 11. c3 d5 {[#]} 12. f3 $1 h6 (12... Qd6 $16) 13. Bxh6 $18 e5 14. Bxg7 (14. Ng6 $18) 14... Kxg7 $14 15. Qf2 {aiming for Qg3+.} Qg5 16. dxe5 Nxe5 17. Be2 $1 exf3 ({Black should play} 17... Be6) 18. Nxf3 $16 Nxf3+ 19. gxf3 Qf4 20. Qg3+ ({Much less strong is} 20. Qg2+ Kf6 $16) 20... Qxg3+ 21. hxg3 Bf5 22. O-O-O c6 23. Rde1 Bg6 24. Bd1 Rf7 25. Re5 b5 26. Rg5 Re8 $2 {[#]} (26... Rf5 27. Rg4 Rg8) 27. Bc2 $18 {White is clearly winning.} Rf6 28. f4 {[%cal Bf3f4,Bf4f5][%mdl 32]} Kf7 29. f5 {Precision: White = 66%, Black = 34%.} 1-0

[Event "Turkey IS Bank Super League 2017"]
[Site "Darica-Kocaeli"]
[Date "2017.08.04"]
[Round "11"]
[White "Safarli, Eltaj"]
[Black "Salgado Lopez, Ivan"]
[Result "0-1"]
[WhiteElo "2641"]
[BlackElo "2622"]
[Annotator "TA"]
[PlyCount "69"]
[EventType "team-tourn"]
[EventCountry "TUR"]
[SourceTitle "playchess.com"]
[Source "ChessBase"]
[SourceQuality "1"]

{[%evp 12,69,36,38,46,19,14,-14,0,20,0,-28,-2,-67,-45,-38,-39,-41,-42,-82,-79,-73,-80,-64,-53,-79,-56,-62,-49,-44,-47,-35,-37,-198,-122,-210,-168,-398,-360,-383,-400,-400,-373,-395,-375,-385,-381,-641,-635,-711,-711,-711,-711,-695,-694,-693,-609,-845,-893,-29987]} 1. e4 c5 2. Nf3 Nc6 3. Bb5 Nf6 4. Nc3 g6 5. h3 Qc7 6. O-O Bg7 7. Re1 {LiveBook: 13 Games} d6 {B31: Sicilian: 2...Nc6 3 Bb5 g6} (7... O-O 8. e5 Ne8 9. Nd5 Qd8 10. c3 Nc7 11. Nxc7 Qxc7 12. d4 cxd4 13. cxd4 d6 14. exd6 Qxd6 15. d5 {0-1 (42) Glek,I (2571)-Tregubov,P (2628) playchess.com INT 2004}) 8. e5 $146 ({Predecessor:} 8. d3 Bd7 9. Bf4 Nh5 10. Bh2 O-O 11. a3 a6 12. Ba4 Qa5 13. Bxc6 Bxc6 14. e5 d5 15. g4 {1-0 (38) German,N-Kain,P (1750) Albena 2011}) 8... dxe5 9. Rxe5 a6 {The position is equal.} 10. Bxc6+ $1 Qxc6 11. Qe2 e6 12. Qc4 (12. d4 $11) 12... b6 13. d4 Bb7 14. dxc5 Nd7 15. Rg5 Nxc5 16. Be3 {[%cal Re3c5]} Nd7 17. Qb4 a5 18. Qa3 h6 $36 {[%mdl 2048] Black has some pressure.} (18... Ne5 $5 19. Nd4 (19. Nxe5 Bxe5 20. Qa4 f5 $17) 19... Nc4 $15) 19. Rg4 b5 20. Ne4 $1 {[%cal Re4d6] [#] Hoping for Nd6+.} b4 21. Qd3 {Strongly threatening Nd6+.} O-O {Threatens to win with ...f5.} 22. Rd1 $2 (22. Bxh6 $1 $15 Bxh6 {[#]} 23. Qxd7 $1 {[%mdl 512]} Qxd7 24. Nf6+ Kg7 25. Nxd7 Bxf3 26. gxf3) 22... Rad8 (22... h5 $19 23. Rh4 Ne5 24. Nxe5 Bxe5) 23. Rh4 (23. Rd2 $17) 23... f5 24. Nc5 $2 (24. Nd4 fxe4 25. Nxc6 exd3 26. Nxd8 Rxd8 27. Rxd3) 24... Nxc5 $19 25. Qxd8 Rxd8 26. Rxd8+ Kf7 27. Rc4 Qc7 28. Rd3 Bxf3 29. Rxc5 $2 (29. gxf3 Bf8 30. a3) 29... Bc6 {Black is clearly winning.} 30. a3 Bf8 31. Rc4 g5 32. axb4 axb4 33. Rd1 Kg6 34. b3 Qb7 35. Ra1 {Precision: White = 28%, Black = 80%.} 0-1

[Event "Turkey IS Bank Super League 2017"]
[Site "Darica-Kocaeli"]
[Date "2017.08.04"]
[Round "11"]
[White "Yilmaz, Mustafa"]
[Black "Tukhaev, Adam"]
[Result "1/2-1/2"]
[WhiteElo "2640"]
[BlackElo "2558"]
[Annotator "TA"]
[PlyCount "75"]
[EventType "team-tourn"]
[EventCountry "TUR"]
[SourceTitle "playchess.com"]
[Source "ChessBase"]
[SourceQuality "1"]

{[%evp 20,75,33,62,63,52,67,33,71,2,11,14,35,13,6,18,11,0,20,20,20,20,19,8,11,0,0,0,10,10,29,24,65,46,65,65,65,65,65,65,65,65,65,0,0,0,0,0,0,0,0,0,0,0,0,0,4,0]} 1. d4 d5 {[%cal Bd7d5,Bd5c4][%mdl 32]} 2. c4 dxc4 3. Nf3 a6 4. e3 b5 5. a4 Bb7 6. b3 e6 {D22: Queen's Gambit Accepted: 3 Nf3 a6 4 e3} 7. bxc4 bxc4 8. Bxc4 c5 (8... Nf6 9. O-O c5 10. Ba3 Be7 11. Bxc5 Bxc5 12. dxc5 Qxd1 13. Rxd1 Nbd7 {½-½ (13) Moiseenko,A (2676)-Li,C (2720) Khanty-Mansiysk 2017}) 9. O-O cxd4 10. Nxd4 Nf6 11. Nd2 {LiveBook: 5 Games} Nbd7 {[%cal Bb8d7,Bd7c5,Bc5e4][%mdl 32]} 12. Rb1 $146 ({Predecessor:} 12. Qe2 Bd6 13. Ba3 Bxa3 14. Rxa3 {½-½ (53) Mayer,J (2039)-Herzog,K (1833) GER email 2013}) 12... Qc7 13. Bb2 Bd6 {[#]} 14. h3 (14. Bxe6 $1 $16 fxe6 15. Nxe6 Bxh2+ 16. Kh1) 14... O-O 15. Qe2 Nc5 16. Rfc1 Qe7 ({Avoid the trap} 16... Nxa4 $2 {[#]} 17. Nxe6 $1 {[%mdl 512]} Bh2+ 18. Kh1 $18) 17. Ba3 Rfc8 18. a5 Nce4 19. Bxd6 Nxd6 20. Bd3 e5 21. Rxc8+ Rxc8 22. N4b3 Nd5 {Hoping for ...Nc3.} 23. Qf1 Nb4 24. Be2 g6 25. Rc1 Rc7 26. Rc5 $1 Rxc5 27. Nxc5 Qc7 28. Ndb3 Ne4 $1 {[%cal Re4c5]} 29. Nxb7 Qxb7 30. Qc1 Qd5 31. Qc4 ({Better is} 31. Bf3 $14) 31... Qxc4 $11 {The position is equal.} 32. Bxc4 {[%mdl 4096] Endgame KBN-KNN} Nd6 33. Be2 f5 34. Nc5 Nc6 35. Nb3 Nb4 36. Nc5 Nc6 37. Nb3 Nb4 38. Nc5 {Precision: White = 68%, Black = 57%.} 1/2-1/2

[Event "Turkey IS Bank Super League 2017"]
[Site "Darica-Kocaeli"]
[Date "2017.08.04"]
[Round "11"]
[White "Solak, Dragan"]
[Black "Kravtsiv, Martyn"]
[Result "1/2-1/2"]
[WhiteElo "2624"]
[BlackElo "2657"]
[Annotator "TA"]
[PlyCount "40"]
[EventType "team-tourn"]
[EventCountry "TUR"]
[SourceTitle "playchess.com"]
[Source "ChessBase"]
[SourceQuality "1"]

{[%evp 24,40,-13,0,0,0,0,0,0,0,0,0,0,-28,0,0,0,0,0]} 1. e4 e5 2. Nf3 Nc6 3. Bb5 a6 4. Bxc6 dxc6 5. O-O Bg4 6. h3 h5 7. d3 Qf6 8. Be3 Bxf3 9. Qxf3 Qxf3 10. gxf3 Bd6 11. Nd2 Ne7 {[%cal Bg8e7,Be7f5,Bf5h4][%mdl 32]} 12. Rfd1 {C68: Ruy Lopez: Exchange Variation, sidelines} (12. Rfb1 Ng6 13. Kf1 c5 14. Nc4 Be7 15. a3 a5 16. b4 axb4 17. axb4 Rxa1 18. Rxa1 cxb4 19. Ra8+ Bd8 20. Na5 b6 {½-½ (40) Solak,D (2641)-Ding,L (2783) Khanty-Mansiysk 2017}) 12... c5 13. Kf1 {LiveBook: 3 Games} f5 {[#]} 14. exf5 $146 ({Find the theoretical novelty and annotate with similar games:} 14. Bg5 Nc6 15. c3 Be7 16. Bxe7 Kxe7 17. exf5 Raf8 18. Ke2 Rxf5 19. Rg1 Kf7 {1-0 (82) Petrik,T (2519)-Biolek,R (2419) Czechia 2013}) 14... O-O 15. Ke2 Nxf5 16. Rg1 Be7 17. Rg2 Nh4 18. Rg3 Nf5 19. Rg2 Nh4 20. Rg3 Nf5 1/2-1/2

[Event "Turkey IS Bank Super League 2017"]
[Site "Darica-Kocaeli"]
[Date "2017.08.04"]
[Round "11"]
[White "Tari, Aryan"]
[Black "Ozer, Omer Faruk"]
[Result "1/2-1/2"]
[WhiteElo "2595"]
[BlackElo "2411"]
[Annotator "TA"]
[PlyCount "61"]
[EventType "team-tourn"]
[EventCountry "TUR"]
[SourceTitle "playchess.com"]
[Source "ChessBase"]
[SourceQuality "1"]

{[%evp 14,61,30,1,33,14,22,14,5,0,0,0,8,0,0,0,0,0,0,0,0,0,0,0,0,-22,-23,-44,0,-10,-18,-16,0,0,0,-39,-25,-44,-41,-40,-46,-54,0,-35,-11,-28,-26,-37,-30,-38]} 1. e4 c5 2. Nf3 e6 3. d4 cxd4 4. Nxd4 Nc6 5. Nc3 Qc7 6. Be3 a6 7. Qd2 Nf6 8. f3 Be7 {B48: Sicilian: Taimanov: 5 Nc3 Qc7 6 Be3 a6 without Be2} 9. O-O-O b5 10. g4 Nxd4 {The position is equal.} 11. Bxd4 Bb7 12. Kb1 O-O 13. g5 (13. h4 b4 14. Na4 d5 15. e5 Nd7 16. Qe3 {1-0 (40) Caruana,F (2817)-Pichot,A (2556) chess.com INT 2017}) 13... Nh5 14. Ne2 f5 15. gxf6 Bxf6 16. Bxf6 Nxf6 17. h4 $146 Rf7 18. Nd4 Nh5 {[%cal Bf6h5,Bh5f4,Bf4d3][%mdl 32]} 19. Rg1 Nf4 20. Re1 Qb6 21. Qe3 Kh8 22. c4 {[%cal Rc4b5]} bxc4 23. Bxc4 Rb8 {[#] ( -> ...Bxe4+!)} 24. Qd2 Nd3 25. Bxd3 ({Avoid the trap} 25. Qxd3 $2 {[#]} Bxe4 $1 {[%mdl 512]} 26. Nb3 Bxd3+ $19) 25... Qxd4 26. Rgf1 d5 {Strongly threatening ...dxe4.} 27. Qe3 Qb4 (27... Qxe3 $15 28. Rxe3 Rf4) 28. Re2 Rbf8 29. f4 e5 {[%cal Rf7f4,Be6e5,Be5f4][%mdl 32]} 30. exd5 exf4 31. Qf3 {Precision: White = 46%, Black = 83%.} 1/2-1/2

[Event "Turkey IS Bank Super League 2017"]
[Site "Darica-Kocaeli"]
[Date "2017.08.04"]
[Round "11"]
[White "Mamedov, Nidjat"]
[Black "Mchedlishvili, Mikheil"]
[Result "1/2-1/2"]
[WhiteElo "2589"]
[BlackElo "2602"]
[Annotator "TA"]
[PlyCount "61"]
[EventType "team-tourn"]
[EventCountry "TUR"]
[SourceTitle "playchess.com"]
[Source "ChessBase"]
[SourceQuality "1"]

{[%evp 14,61,32,23,34,35,29,22,21,13,32,25,28,33,28,19,37,28,35,33,31,24,20,0,0,0,0,0,0,0,0,0,6,4,1,0,0,-9,-6,-10,-6,-5,0,0,0,0,0,-5,0,-7]} 1. e4 e5 2. Nf3 Nc6 3. Bb5 Nf6 4. O-O Nxe4 5. Re1 Nd6 6. Nxe5 Be7 7. Bf1 O-O {C67: Ruy Lopez: Berlin Defence: 4 0-0 Nxe4} (7... Nf5 8. c3 Nxe5 9. Rxe5 d6 10. Re1 O-O 11. d4 d5 12. Bf4 c5 13. Bd3 c4 14. Bc2 Be6 15. Nd2 Nh4 16. Bg3 Nf5 17. Bf4 Nh4 18. Bg3 Nf5 {½-½ (18) Wei,Y (2738)-Le,Q (2726) Danzhou 2017}) 8. Nf3 {LiveBook: 3 Games} Ne8 {[%cal Bd6e8,Be8f6,Bf6e4][%mdl 32]} 9. d4 d5 {White is slightly better.} 10. h3 $146 ({Predecessor:} 10. Bf4 Nf6 11. Nbd2 Bd6 12. Bg3 Bxg3 13. hxg3 Bf5 14. Bd3 Bxd3 15. cxd3 {0-1 (36) Sukovic,A (2114)-Thybo,J (2358) Khanty-Mansiysk 2016}) 10... Bf5 11. c3 Nf6 12. Bf4 Ne4 13. Nbd2 Bd6 14. Bxd6 Qxd6 15. Nxe4 Bxe4 16. Nd2 Bg6 17. Qf3 Rae8 18. Bd3 {The position is equal.} Bxd3 19. Qxd3 Nd8 20. Nf3 c6 21. Re3 (21. h4 {feels hotter.} f6 22. Rxe8 Rxe8 23. Re1 Re7 24. h5) 21... Rxe3 22. Qxe3 Ne6 23. Re1 Re8 24. Qe5 Qxe5 25. Rxe5 $11 {[%mdl 4096] Endgame KRN-KRN} f6 26. Re3 Kf7 27. g3 Nc7 28. Rxe8 Nxe8 29. Kf1 Nd6 30. Nd2 Ke6 31. Ke2 {Precision: White = 63%, Black = 75%.} 1/2-1/2

[Event "Turkey IS Bank Super League 2017"]
[Site "Darica-Kocaeli"]
[Date "2017.08.04"]
[Round "11"]
[White "Can, Emre"]
[Black "Markus, Robert"]
[Result "1/2-1/2"]
[WhiteElo "2586"]
[BlackElo "2672"]
[Annotator "TA"]
[PlyCount "87"]
[EventType "team-tourn"]
[EventCountry "TUR"]
[SourceTitle "playchess.com"]
[Source "ChessBase"]
[SourceQuality "1"]

{[%evp 26,87,74,62,54,45,85,68,81,72,75,77,70,12,41,7,70,62,97,79,83,80,78,78,86,61,89,59,76,61,47,58,47,18,49,41,41,27,70,65,77,82,85,71,92,42,56,60,60,66,113,106,99,106,116,108,119,52,44,28,29,49,85,0]} 1. d4 Nf6 2. c4 d6 3. Nf3 Nbd7 4. Nc3 e5 5. e4 g6 6. Be2 Bg7 7. O-O O-O 8. Be3 Ng4 9. Bg5 f6 10. Bd2 Nh6 11. Qc2 Nf7 {E94: King's Indian: Classical: 6 Be2 e5 7 0-0: Various Black 7th moves} 12. Rad1 c6 13. Be3 Re8 14. b4 {LiveBook: 5 Games} exd4 15. Nxd4 {[#]} Qc7 $146 ({Find the theoretical novelty and annotate with similar games:} 15... Qe7 16. Rfe1 Nf8 {0-1 (56) Enchev,I (2415)-Nevednichy,V (2557) Plovdiv 2015}) 16. h3 a5 17. a3 axb4 18. axb4 Nf8 19. Rd2 (19. Na4 $14) 19... Qe7 20. Rfd1 (20. b5 $5 {[%cal Rb5c6]}) 20... f5 ({Better is} 20... Ne6 $11) 21. exf5 $14 gxf5 22. Bf1 Ng6 23. Nce2 Qe5 24. g3 Ra3 25. Rd3 Rxd3 26. Qxd3 (26. Rxd3 {is more complex.} Qf6 27. Ra3 f4 28. Nxf4 Nxf4 29. gxf4 Qh6 30. Kh2) 26... Qf6 27. Qc2 Nfe5 28. Bg2 Qf7 29. Rc1 Kh8 30. b5 {[%cal Rb5c6]} c5 31. Nf3 Nxf3+ 32. Bxf3 Be6 {Threatening ...Ne5.} 33. Nf4 $36 {[%mdl 2048] White has strong initiative.} Nxf4 34. Bxf4 Be5 35. Bxe5+ dxe5 36. Qc3 Qg7 37. Bd5 b6 38. Bxe6 Rxe6 $16 {[%mdl 4096] Endgame KQR-KQR} 39. Ra1 Re8 40. Ra6 Qb7 41. Qd3 (41. Kh2 $16) 41... f4 $14 {[%cal Bf5f4,Bf4g3][%mdl 32]} 42. Qd6 fxg3 $1 {Threatens to win with ...Qg7.} 43. Qf6+ Kg8 $1 {[#]} 44. Qg5+ {Precision: White = 47%, Black = 52%.} ({But not} 44. Rxb6 $6 gxf2+ 45. Kxf2 Qh1 $11) ({Much weaker is} 44. fxg3 $6 Qe4 $11) ({White should play} 44. Ra3 $1 $16 {[%cal Ra3g3]} gxf2+ 45. Kxf2) 1/2-1/2